000 01119cam a2200253 a 4500
001 000004337
005 20200929151427.0
008 891017s1953 njua b s001 0aeng
040 _aDO-SdBNP
_bspa
_dBNPHU
082 _a816.4
_bC697w
245 0 4 _aThe Collected works of Abraham Lincoln, 1862-1863 :
_bthe Abraham Lincoln association /
_cEdición, Roy P. Basler, Marion Dolores Pratt y Lloyd A. Dunlap.
260 _aNew Brunswick, New Jersey :
_bRutgers University Press,
_c1953.
300 _aix, 561 p. ; :
_bil. ;
_c24 cm.
500 _aLa biblioteca posee el volumen 6.
600 1 0 _aLINCOLN, ABRAHAM,
_d1809-1865.
_vBIOGRAFÍA
_912791
650 4 _aCartas estadounidenses
_912792
650 4 _aLiteratura estadounidense
_ySIGLO XIX
_912793
651 4 _aEstados Unidos
_xPolítica Y Gobierno,
_y1815-1861.
_912794
700 1 _aBasler, Roy P.
_q(Roy Prentice),
_d1906-1989.
_912795
700 1 _aBasler, Christian O.,
_eed.
_912796
700 1 _aPratt, Marion Dolores,
_eed.
_912797
700 1 _aDunlap, Lloyd A.,
_eed.
_912798
710 1 _aAlfred Stern Whital Colección de Lincolniana (Biblioteca del Congreso)
_912799
999 _c4146
_d4146